| 000 | 00692nam a22001817a 4500 | ||
|---|---|---|---|
| 008 | 230705b |||||||| |||| 00| 0 eng d | ||
| 020 | _a9788126728107 | ||
| 040 |
_aNational Science Library _cNational Science Library |
||
| 080 |
_a82-32SIN _bQ6 |
||
| 100 | _aSingh, Kashinath | ||
| 245 |
_aपत्ता पत्ता बूटा बूटा: _bकाशीनाथ सिंह की असंकलित कहानियां एवं अन्य गद्य रचनाएँ |
||
| 246 | _aPatta-patta boota-boota | ||
| 260 |
_aNew Delhi: _bRajkamal Prakashan, _c2016 |
||
| 300 | _a187p. | ||
| 365 |
_b450.00 _cINR |
||
| 650 | _aHindi literature | ||
| 942 |
_2udc _cHBK |
||
| 999 |
_c49512 _d49512 |
||